| 000 | 01966nam a2200325Ia 4500 | ||
|---|---|---|---|
| 999 |
_c55623 _d55623 |
||
| 001 | 22718 | ||
| 003 | GE_BSU | ||
| 005 | 20221219144136.0 | ||
| 008 | 181216s2017||||ge |||||||||||||| ||geo|| | ||
| 020 | _a9789941182648 | ||
| 040 | _cGE_BSU | ||
| 041 | _ageo | ||
| 080 | _a316.628+303.62 მ-66 | ||
| 100 |
_aმილერი, უილიამ _916495 |
||
| 245 |
_aმოტივაციური ინტერვიუირება : _bდავეხმაროთ ადამიანებს, შეიცვალონ / _c უილიამ რ. მილერი, სტივენ როლნიკი ; მთარგმნელი ქეთევან თოდაძე ; რედაქტორები: ია შეყრილაძე, ქეთევან კაპანაძე. |
||
| 250 | _aმე-3 გამოცემა. | ||
| 264 |
_aთბილისი : _b ილიას სახელმწ. უნ-ტის გამ-ბა, _c2017. |
||
| 300 |
_a485 გვ.; _b24 სმ. |
||
| 500 | _aმე-2 გვერდზე სათაური ინგლ.ენაზე. | ||
| 504 | _aბიბლიოგრ.: გვ. 431-485. | ||
| 520 | _aგამოცემა დაფინანსებულია ევროკომისიის მიერ TEMPUS-ის დაფინანსების მექანიზმის გამოყენებით. | ||
| 541 | _h20ლ. | ||
| 653 | _aმოტივაცია. | ||
| 653 | _aინტერვიუირება. | ||
| 700 |
_aროლნიკი, სტივენ _eავტორი _916496 |
||
| 700 |
_aთოდაძე, ქეთევან _eმთარგმნელი _912663 |
||
| 700 |
_aშეყრილაძე, ია _eრედაქტორი. _916497 |
||
| 700 |
_aკაპანაძე, ქეთევან _eრედაქტორი _916498 |
||
| 942 |
_cBK _2udc |
||